| 000 | 00368nam a22001217a 4500 | ||
|---|---|---|---|
| 999 |
_c2351 _d2351 |
||
| 005 | 20200914111826.0 | ||
| 008 | 200914b ||||| |||| 00| 0 eng d | ||
| 020 | _a052123767X | ||
| 040 | _cCML | ||
| 245 |
_aCurriculum Development in Mathematics. _cHowson, G. |
||
| 260 |
_aLondon _bCambridge University _c1981 |
||
| 942 |
_2ddc _cBK _e1st Edition _h510 _mHOW |
||